Statistics for Bayern - KFZ Kennzeichen

Click here to take the quiz!

General Stats

  • This quiz has been taken 80 times
    (28 since last reset)
  • The average score is 56 of 145

Answer Stats

HintAnswer% Correct
AAugsburg
93%
COCoburg
93%
DAHDachau
93%
MMünchen
93%
BABamberg
87%
DEGDeggendorf
87%
ERErlangen
87%
Fürth
87%
ANAnsbach
80%
BTBayreuth
80%
BGDBerchtesgaden
80%
EDErding
80%
FSFreising
80%
NNürnberg
80%
PAPassau
80%
REGRegen
80%
RRegensburg
80%
Würzburg
80%
AMAmberg
73%
TÖLBad Tölz
73%
CHACham
73%
FÜSFüssen
73%
RORosenheim
73%
Altötting
67%
ABAschaffenburg
67%
FFBFürstenfeldbruck
67%
HOHof
67%
INIngolstadt
67%
KUKulmbach
67%
LALandshut
67%
PAFPfaffenhofen
67%
RHRoth
67%
AIBBad Aibling
60%
FOForchheim
60%
GZGünzburg
60%
LLLandsberg
60%
NEA | NEC | NEWNeustadt
60%
NUNeu-Ulm
60%
ALZAlzenau
53%
DGFDingolfing
53%
EBEEbersberg
53%
EIEichstätt
53%
GUNGunzenhausen
53%
ILLIllertissen
53%
KEKempten
53%
MMMemmingen
53%
MILMiltenberg
53%
PEGPegnitz
53%
STAStarnberg
53%
HASHaßfurt
47%
LANLandau
47%
LIFLichtenfels
47%
OALOstallgäu
47%
TIRTirschenreuth
47%
TSTraunstein
47%
KGBad Kissingen
40%
DKBDinkelsbühl
40%
GRAGrafenau
40%
HÖSHöchstadt
40%
KFKaufbeuren
40%
MBMiesbach
40%
Mühldorf
40%
NMNeumarkt
40%
Nördlingen
40%
ROTRothenburg
40%
SWSchweinfurt
40%
REIBad Reichenhall
33%
BOGBogen
33%
DLGDillingen
33%
FEUFeuchtwangen
33%
FRGFreyung
33%
KEHKelheim
33%
LILindau
33%
OAOberallgäu
33%
SCSchwabach
33%
SADSchwandorf
33%
SRStraubing
33%
EBNEbern
27%
HIPHilpoltstein
27%
KTKitzingen
27%
KCKronach
27%
KRUKrumbach
27%
LFLaufen
27%
MÜBMünchberg
27%
PANPfarrkirchen
27%
REHRehau
27%
UFFUffenheim
27%
VIBVilsbiburg
27%
WMWeilheim
27%
WORWolfratshausen
27%
EGEggenfelden
20%
MNMindelheim
20%
NABNabburg
20%
NAINaila
20%
NENNeunburg
20%
OVIOberviechtach
20%
PARParsberg
20%
RIDRiedenburg
20%
RODRoding
20%
ROLRottenburg
20%
SOBSchrobenhausen
20%
SULSulzbach
20%
WÜMWaldmünchen
20%
WENWeiden
20%
BRKBad Brückenau
13%
BULBurglengenfeld
13%
EBSEbermannstadt
13%
ESBEschenbach
13%
FDBFriedberg
13%
GEMGemünden
13%
HEBHersbruck
13%
KARKarlstadt
13%
KEMKemnath
13%
KÖZKötzting
13%
MAIMainburg
13%
MALMallersdorf
13%
MODMarktoberdorf
13%
METMellrichsstadt
13%
SEFScheinfeld
13%
SOGSchongau
13%
SMÜSchwabmünchen
13%
VITViechtach
13%
VOHVohenstrauß
13%
WOSWolfstein
13%
BZABergzabern
7%
GEOGerolzhofen
7%
GRIGriesbach
7%
HOHHofheim
7%
KÖNKönigshofen
7%
LOHLohr am Main
7%
MAKMarkredwitz
7%
OBBObernburg
7%
OCHOchenfurt
7%
SELSelb
7%
SFSonthofen
7%
SANStadtsteinach
7%
STEStaffelstein
7%
VOFVilshofen
7%
WSWasserburg
7%
WERWertingen
7%
HABHamelburg
0%
MARMarktheidenfeld
0%
WEGWegscheid
0%

Score Distribution

Percentile by Number Answered

Percent of People with Each Score

Your Score History

You have not taken this quiz since the last reset